| 000 | 00894nam a2200205 a 4500 | ||
|---|---|---|---|
| 005 | 20160901120248.0 | ||
| 008 | 160901t2010 ck ado||r|||| 00| 0 spa d | ||
| 020 | _a9789588332345 | ||
| 040 |
_aCO-BoIAVH _cCO-BoIAVH |
||
| 041 | 0 | _aspa | |
| 044 | _ack | ||
| 082 | 0 | 4 |
_a333.7068 _bP96l |
| 245 | 0 | 0 |
_aProcesos locales del sistema departamental de áreas protegidas del Valle del Cauca - SIDAP Valle / _ccompilado por Yazmín Rojas Lenis |
| 260 |
_a[Santiago de Cali?], Colombia : _bCVC, _cc2010. |
||
| 300 |
_a61 páginas : _bilustraciones a color, mapas y fotografías a color ; _c21 x 14 cm. |
||
| 650 | 2 | 6 |
_aZonas protegidas _xcomunidad local _xProcesos _zColombia _zValle del Cauca (Departamento) |
| 650 | 2 | 6 |
_aReservas naturales _xcomunidad local _xProcesos _zColombia _zValle del Cauca (Departamento) |
| 700 | 1 |
_aRojas Lenis, Yazmín _ecompiladora |
|
| 942 |
_2ddc _cLIBRO |
||
| 999 |
_c18990 _d18990 |
||